Arte y tecnología: 2 básica
Wedi'i Gadw mewn:
| Prif Awdur: | |
|---|---|
| Fformat: | Llyfr |
| Iaith: | Sbaeneg |
| Cyhoeddwyd: |
Santiago
Santillana
2000
|
| Cyfres: | Proyecto Caracola
|
| Pynciau: | |
| Tagiau: |
Ychwanegu Tag
Dim Tagiau, Byddwch y cyntaf i dagio'r cofnod hwn!
|
MARC
| LEADER | 00000nam a2200000 a 4500 | ||
|---|---|---|---|
| 001 | UCL8383 | ||
| 003 | CL-VaPUC | ||
| 008 | 040618e20000000CL |||||||||||||||||spa|d | ||
| 020 | |a 9561505460 | ||
| 082 | 0 | 4 | |a 372.5 |b ROJ |2 21 |
| 100 | 0 | |a Rojas Leiva, Manuel José |e author |9 486337 | |
| 245 | 1 | 0 | |a Arte y tecnología: 2 básica |
| 300 | |a 111 p | ||
| 942 | |c BK | ||
| 945 | |d 20040618 00:00:00 |a cmena | ||
| 260 | |a Santiago |b Santillana |c 2000 | ||
| 650 | 0 | |a Educación artística |9 269035 | |
| 650 | 0 | |a Educación básica |9 224933 | |
| 650 | 0 | |a Libros de texto |9 270019 | |
| 650 | 0 | |a Métodos de enseñanza |9 270413 | |
| 650 | 0 | |a Educación tecnológica |9 307597 | |
| 650 | 0 | |a Creatividad |9 310816 | |
| 583 | |a last modification |c 20040618 00:00:00 |k Rodrigo Vera | ||
| 490 | 0 | |a Proyecto Caracola | |
| 999 | |c 309720 |d 309718 | ||
| 952 | |0 0 |1 0 |4 0 |6 372_500000000000000_ROJ_2000 |7 0 |8 A |9 377445 |a BIBEDU |b BIBEDU |d 2019-11-21 |i 4027167 |o 372.5 ROJ 2000 |p 4027167 |r 2019-11-21 |w 2019-11-21 |y BK |k EBA | ||